000 00746nam a22002297a 4500
005 20170124110107.0
010 _aA-817413
020 _c00.00
_a8173870489
035 _aA-817413
037 _bCen Lib/Ret
040 _aDPL
_bEN
082 _a954.96
_bSHA
100 _aShabab, Dilaram
_928287
245 _aKullu :
_cby Dilaram Shabab
_bHimalayan abode of the divine /
260 _aNew Delhi
_bIndus Publishing
_c1996
270 _aFS-5, Tagore Garden
_bNew Delhi
_e110027
300 _a136p. :
_c21cm(Hb)
_bcol. ill.
500 _aIncludes bibliographical references and index
650 _aKullu Valley (India) -- Civilization
_928288
650 _aKullu (Distrikt)
_928289
942 _2ddc
_cEN
_h954.96
_mSHA
999 _c130098
_d130098